MAİ VE SİYAH (Record no. 711765)

MARC details
000 -LEADER
sabit uzunluktaki kontrol alanı 00245nam a2200097Ia 4500
001 - KONTROL NUMARASI
kontrol alanı 711765
005 - EN SON İŞLEMİN TARİH VE ZAMANI
kontrol alanı 20250826162814.0
008 - SABİT-UZUNLUKTA VERİ ÖĞELERİ--GENEL BİLGİ
sabit uzunluktaki kontrol alanı 250824s9999 xx 000 0 und d
245 #0 - ESER / YAZAR
ESER ADI MAİ VE SİYAH
Yazar Adı HALİD ZİYA UŞAKLIGİL
260 ## - YAYIN, DAĞITIM, VB.
YAYIN EVİ CAN YAYINLARI
Holdings
Düşüm durumu Kayıp durumu Hasar Durumu Ödünç verilmez Ana kütüphane Geçerli Kütüphane Edinilen tarih Toplam ödünç verme sayısı Barkod Son görüntüleme tarihi Son ödünç verme tarihi Fiyatın geçerli olmaya başladığı tarih Koha materyal türü
        SELÇUKLU FEN LİSESİ SELÇUKLU FEN LİSESİ 24.08.2025 1 1030389 01.04.2026 31.03.2026 26.08.2025 Books